| 000 | 00609cam a2200193 a 4500 | ||
|---|---|---|---|
| 001 | 000002872 | ||
| 005 | 20200929150256.0 | ||
| 008 | 821104s1970 ve 001 0 spa | ||
| 040 |
_aDO-SdBNP _cDLC _dDLC |
||
| 082 |
_a860.9 _bB262e |
||
| 100 | 1 |
_aBarnola, Pedro Pablo. _d1908-1986. _96717 |
|
| 245 | 1 | 0 |
_aEstudios crítico-literarios / _cPedro Pablo Barnola. |
| 260 |
_aCaracas : _bMonte Avila, _c1970. |
||
| 300 |
_a185 p. ; _c24 cm. |
||
| 490 | 1 | _aTemas venezolanos | |
| 650 | 4 |
_aLiteraria venezolana _xHistoria y crítica _99123 |
|
| 830 | 0 |
_aTemas venezolanos _96823 |
|
| 910 | _aCatalogación por copia / LC | ||
| 999 |
_c2706 _d2706 |
||